000 00686nam a2200217 i 4500
001 132608
003 ES-MaACL
005 20250807211449.0
007 t|
008 070214s1975 sp r ||||1| spa d
020 _a84-304-1221-2
080 _a396:28
100 1 _aRondeau, Marc.
_999506
245 1 3 _aLa promoción de la mujer en el pensamiento de la Iglesia contemporánea /
_cMarc Rondeau ; traducción del francés por Pepita Castillo.
260 _aMadrid :
_bStudium,
_c1975.
300 _a230 p. ;
_c21 cm.
650 7 _aMujeres en la Iglesia Católica
_2embne
_9155915
700 1 _aCastillo, Josefa.
_9174322
852 4 _aES-MaACL
_jE-7992
999 _c132608
_d132608